NuevaYol. Bad bunny - Estadísticas

Estadísticas generales
  • Esta prueba ha sido intentada 86 veces
  • La puntuación promedio es 205 de 357
Estadísticas de respuestas
Respuesta % Correcto
Si
97%
Sí,
97%
(¿y
97%
Nueva—
95%
quiere',
95%
quieres
94%
te
94%
y
94%
divertir
92%
Con
90%
con
90%
que
89%
qué
89%
ve'
89%
en
87%
Solo
87%
tiene'
87%
A
85%
a
85%
Un
85%
(un
85%
un
85%
de
84%
De
84%
tienes
84%
verano
84%
PR
82%
primo
81%
Nueva Yol
79%
El
76%
el
76%
'el
76%
lo
76%
Lo
76%
yo
76%
Yo
76%
4
74%
es
74%
julio,
74%
má')
74%
má',
74%
mi
73%
primor
73%
No
71%
no
71%
encanto
69%
ey
69%
Ey,
69%
(¿pa'
68%
como
65%
¿Cómo
65%
hay
65%
la
65%
las
65%
Los
65%
los
65%
Nueva York
65%
(¡Nueva York!)
65%
me
63%
Me
63%
se
63%
Ando
61%
ando
61%
borracho,
61%
Bad
60%
July
60%
vivir
60%
Bunny
58%
na'
58%
mío'
56%
56%
56%
esto?)
53%
saben
53%
dónde?)
52%
ratito
52%
ratito)
52%
va
52%
confunda',
50%
del
50%
El Bronx
50%
malo,
50%
dembow?
48%
dembow
48%
mejor
48%
mejor)
48%
mejor,
48%
palo’
47%
pop
47%
por
47%
rey
47%
rosita,
47%
cuadro'
45%
nadie
45%
(¿pero
45%
sigo
45%
casa
44%
dando
44%
quita
44%
rulay
44%
ser
44%
siente
44%
blanco,
42%
cañita
42%
cerquita
42%
disco'
42%
evita,
42%
no, no,
42%
nota
40%
año'
39%
Porque
39%
reggaeton
39%
shot
39%
sí, sí,
39%
campeonato,
37%
estoy
37%
perico
37%
también
37%
pasan
35%
Toñita
35%
buena,
34%
high,
34%
piquete,
34%
bueno
32%
cuida—
32%
eh, eh
32%
mami,
32%
4th
31%
estás
31%
move'
31%
nos
31%
tengo
31%
tusi
31%
flow
29%
silenciador,
29%
adversario,
27%
Bad Bunny
27%
este
27%
Frida Kahlo
27%
la'o
27%
la'o,
27%
Cuando
26%
frío?)
26%
mía,
26%
ping-pong
26%
siento
26%
cien
24%
escuche
24%
estadio
24%
fue
24%
nací,
24%
nació
24%
rico
24%
Willie Colón,
24%
gata'
23%
James Bond,
23%
pesa'o,
23%
¡Puerto Rico!)
23%
Shh,
23%
(ya
21%
best,
19%
Ey, ey, ey,
19%
les
19%
robamo'
19%
(The
19%
the
19%
cuida'o,
18%
Washington Heights
18%
correr,
16%
Huelo
16%
otra
16%
sacamo'
16%
vamo')
16%
(Number
15%
Lápiz
13%
mover
13%
one,
13%
Sí, sí, sí,
13%
mismo
10%
Capea
8%
El Dough
8%
Juan Soto
8%
¿okey?
8%
Big Pun
6%
Los Met',
6%
Los Yankee'
6%
y dembow
6%
dicen еl
0%
Vendiеndo
0%
-ve'-ve'-ve'-ve'-ve'-ve'-ve'-ve'-ve'-ve'-ve'
Lo
0%
-ve'-ve'-ve'-ve'-ve'-ve'-ve'-ve'-ve'-ve'-ve'-ve'-ve'-ve'
Shh
0%
No se encontraron pruebas coincidentes
Distribución de puntuación
Porcentaje de gente con cada puntuación
Porcentaje por número respondido
Historial de tus puntuaciones
No has intentado esta prueba.